000 00628nam a2200181 i 4500
001 36118
003 ES-MaACL
005 20230906155315.0
007 t|
008 030217s1902 gw ||||1| fre d
100 1 _aBrandes, Georges.
_931340
245 1 2 _aL'école romantique en France /
_cGeorges Brandes ; ouvrage traduit sur la 8eme édition allemande par A. Topin ; précédé d'une introduction par Víctor Basch.
260 _aBerlín :
_b[s.n.,
_c1902] (
_eEgeln :
_fFerdinand Heyl)
300 _aXXIV, 394 p. ;
_c22 cm.
700 1 _aTopin, A.
_9110600
700 1 _aBasch, Victor.
_926260
852 _aES-MaACL
_jA-4174
999 _c36118
_d36118